[Event "OS INCLIVES"]
[Site "http://www.queenalice.com/game.php?id=1461614"]
[Date "2017.1.28"]
[Round "-"]
[White "POOPPATROL"]
[Black "adelio"]
[Result "1-0"]
[WhiteElo "1653"]
[BlackElo "1651"]

1. e4 a6 2. d4 c5 3. Nf3 e6 4. Be3 d6 5. Bd3 Be7 6. O-O Nc6 7. e5 d5 8. c3 c4 9.
Be2 b5 10. Nbd2 h5 11. Ne1 h4 12. h3 g5 13. f4 Nh6 14. fxg5 Nf5 15. Bf4 Bxg5 16.
Bxg5 Qxg5 17. Ndf3 Qe3+ 18. Kh2 Bb7 19. Qd2 Kd7 20. Nc2 Rag8 21. Nxe3 Ng3 22.
Rf2 Ne4 23. Qe1 Nxf2 24. Qxf2 Rg3 25. Nxh4 Rxe3 26. Qxf7+ Ne7 27. Ng6 Re8 28.
Nf8+ Kc8 29. Qxe8+ Kc7 30. Qxe7+ Kb6 31. Nd7+ Ka7 32. Qd8 a5 33. Qb8+ Ka6 34.
Nc5+ Kb6 35. Qxb7# 1-0

[Event "Challenge"]
[Site "http://www.queenalice.com/game.php?id=1465148"]
[Date "2017.2.17"]
[Round "-"]
[White "JORAM2205"]
[Black "POOPPATROL"]
[Result "1-0"]
[WhiteElo "1732"]
[BlackElo "1699"]

1. g3 d5 2. Bg2 e5 3. Nf3 e4 4. Nd4 Nf6 5. d3 a5 6. Nc3 exd3 7. Qxd3 c6 8. Bf4
Be7 9. Nf5 Bxf5 10. Qxf5 Nbd7 11. O-O O-O 12. e4 Nxe4 13. Bxe4 dxe4 14. Rad1 Qb6
15. Rxd7 Bf6 16. Nxe4 Bd8 17. Bd6 Re8 18. Qxf7+ 1-0

[Event "Challenge"]
[Site "http://www.queenalice.com/game.php?id=1471317"]
[Date "2017.3.31"]
[Round "-"]
[White "Andrei_78"]
[Black "POOPPATROL"]
[Result "0-1"]
[WhiteElo "1635"]
[BlackElo "1717"]

1. e4 c6 2. Nf3 d5 3. exd5 cxd5 4. Bb5+ Bd7 5. Bxd7+ Nxd7 6. O-O Ngf6 7. h3 e6
8. d4 Bd6 9. Nc3 a6 10. Bg5 Be7 11. Bxf6 Bxf6 12. Qe2 O-O 13. Nd1 Qb6 14. b3
Bxd4 15. c3 Bc5 16. Nb2 Bd6 17. Na4 Qc7 18. b4 Rae8 19. Ng5 h6 20. Nf3 Nf6 21.
Nd2 b5 22. Nb2 e5 23. Rac1 e4 24. Nd1 Qe7 25. Ne3 Qe5 26. f4 exf3 27. Qxf3 Qxe3+
28. Qxe3 Rxe3 29. Nf3 Rc8 30. Nd4 Rexc3 31. Rce1 Bxb4 32. Nf5 Rc2 33. Re5 Rxa2
34. Ne7+ Bxe7 35. Rxe7 Rcc2 36. Rb7 Rxg2+ 37. Kh1 Rh2+ 38. Kg1 Rag2# 0-1

[Event "Challenge"]
[Site "http://www.queenalice.com/game.php?id=1473292"]
[Date "2017.4.14"]
[Round "-"]
[White "bumpywater"]
[Black "POOPPATROL"]
[Result "1-0"]
[WhiteElo "1975"]
[BlackElo "1709"]

1. e4 c5 2. Nf3 Nc6 3. Bb5 a6 4. Bc4 e6 5. O-O d5 6. exd5 exd5 7. Be2 Be6 8. d4
cxd4 9. Nxd4 Nxd4 10. Qxd4 Nf6 11. Bg5 Be7 12. b3 O-O 13. h3 Qd7 14. Nd2 Ne8 15.
Bh4 Bxh4 16. Qxh4 Rc8 17. Bd3 h6 18. Nf3 Nd6 19. Ng5 Bf5 20. Nf3 Be4 21. Ne5 Qd8
22. Qxd8 Rfxd8 23. Bxe4 Nxe4 24. f3 Ng3 25. Rf2 d4 26. Kh2 Nf5 27. Rc1 d3 28. c4
Rd4 29. Rd2 Rcd8 30. Rcd1 Ne3 31. Re1 Nc2 32. Red1 Ne3 33. Re1 Nc2 34. Re4 Rxe4
35. fxe4 Rd4 36. Rxd3 Rxe4 37. Rd8+ Kh7 38. Nxf7 Re2 39. Rd7 Ne3 40. Kg3 Nxg2
41. Rxb7 Rxa2 42. c5 Rc2 43. c6 Kg6 44. Nd6 Rxc6 45. Ne4 Ne3 46. Kf3 Nf5 47. Kf4
Nd4 48. b4 Nc2 49. h4 Kh5 50. Rxg7 Rc4 51. Ke5 Rxb4 52. Ng3+ Kxh4 53. Nf5+ Kh5
54. Ng3+ Kh4 55. Nf5+ Kh3 56. Rg6 a5 57. Rxh6+ Kg4 58. Rc6 Rb5+ 59. Ke6 Rxf5 60.
Rxc2 Rb5 61. Kd6 Kf4 62. Rc5 Rb6+ 63. Kc7 Ra6 64. Kb7 1-0

[Event "Challenge"]
[Site "http://www.queenalice.com/game.php?id=1478348"]
[Date "2017.5.16"]
[Round "-"]
[White "reibas"]
[Black "POOPPATROL"]
[Result "1-0"]
[WhiteElo "1883"]
[BlackElo "1746"]

1. e4 c5 2. Nf3 Nc6 3. d4 cxd4 4. Nxd4 e5 5. Nf3 Nf6 6. Nc3 Be7 7. Bg5 O-O 8.
Bc4 a6 9. Nd5 Nxd5 10. Bxe7 Ndxe7 11. a3 h6 12. O-O Kh8 13. c3 Ng6 14. b4 Nce7
15. Ba2 d6 16. Qd2 Bg4 17. Ne1 Nf4 18. Nd3 Be2 19. Nxe5 Bxf1 20. Nxf7+ Rxf7 21.
Bxf7 1-0

[Event "Challenge"]
[Site "http://www.queenalice.com/game.php?id=1479028"]
[Date "2017.5.20"]
[Round "-"]
[White "ALDROB"]
[Black "POOPPATROL"]
[Result "1/2-1/2"]
[WhiteElo "1885"]
[BlackElo "1699"]

1. e4 c5 2. Nf3 Nc6 3. Bb5 a6 4. Ba4 b5 5. Bxb5 axb5 6. O-O e5 7. c3 d5 8. Qe2
Ba6 9. exd5 Qxd5 10. Re1 b4 11. Nxe5 Bxe2 12. Nxc6 Qxc6 13. Rxe2+ Be7 14. d3 Nf6
15. Bf4 Nd5 16. Bg3 bxc3 17. Nxc3 Nxc3 18. bxc3 Ra7 19. Rae1 f6 20. Re6 Kf7 21.
Rxc6 Rxa2 22. Rc7 Re8 23. d4 cxd4 24. cxd4 Kf8 25. d5 Bb4 26. Rxe8+ Kxe8 27. h3
Kf8 28. d6 Rd2 29. d7 Ke7 30. Rb7 Bd6 31. f4 Bc5+ 32. Kh2 Rxd7 33. Rxd7+ Kxd7
34. h4 Ke6 35. Kh3 h6 36. Be1 g5 37. fxg5 fxg5 38. hxg5 hxg5 39. Kg4 Kf6 40.
Bc3+ Kg6 41. Bd2 Be7 42. Bc3 Bd8 1/2-1/2

[Event "Challenge"]
[Site "http://www.queenalice.com/game.php?id=1479591"]
[Date "2017.5.24"]
[Round "-"]
[White "rviana"]
[Black "POOPPATROL"]
[Result "1-0"]
[WhiteElo "1929"]
[BlackElo "1724"]

1. c4 e5 2. Nc3 Nf6 3. e3 Be7 4. d4 exd4 5. exd4 O-O 6. Nf3 c6 7. Bd3 d5 8. c5
Bg4 9. O-O Nbd7 10. b4 a6 11. h3 Bh5 12. Bf4 Ne8 13. Qc2 Bg6 14. Rfe1 Bxd3 15.
Qxd3 Nc7 16. Re2 Ne6 17. Bg3 Bf6 18. Rae1 h6 19. Bd6 Re8 20. Ne5 Be7 21. Bxe7
Rxe7 22. g3 Nxe5 23. Rxe5 Qd7 24. Ne2 Rae8 25. Nf4 Nxf4 26. gxf4 f6 27. Rxe7
Rxe7 28. Re3 Rxe3 29. Qxe3 Kf7 30. Kg2 g5 31. fxg5 hxg5 32. a4 Qf5 33. f3 Qc2+
34. Kg3 Qxa4 35. Qc3 1-0

[Event "Challenge"]
[Site "http://www.queenalice.com/game.php?id=1488174"]
[Date "2017.7.31"]
[Round "-"]
[White "pedroingles"]
[Black "POOPPATROL"]
[Result "0-1"]
[WhiteElo "1781"]
[BlackElo "1691"]

1. d4 d5 2. c4 Nf6 3. Bg5 e6 4. cxd5 exd5 5. Nf3 Be7 6. Nc3 c6 7. e3 Bg4 8. Be2
O-O 9. O-O Nbd7 10. a3 a6 11. h3 Bxf3 12. Bxf3 Ne8 13. Bxe7 Qxe7 14. Rb1 Nd6 15.
b3 Rad8 16. Qe2 Nf5 17. Rfe1 Nh4 18. a4 Nxf3+ 19. Qxf3 h6 20. b4 Nb6 21. a5 Nc4
22. Qd1 Rd6 23. Na4 Rg6 24. Nb6 Nxb6 25. axb6 Qg5 26. Qf3 Qd8 27. Qf5 Qxb6 28.
Qd7 Rd8 29. Qe7 Re6 30. Qc5 Qc7 31. Qa7 Qe7 32. Qb6 Rg6 33. g3 h5 34. Kf1 Qf6
35. Ke2 Re8 36. h4 Re7 37. Rf1 Kh7 38. Qc5 Rg4 39. Qc3 Rxd4 40. Qc2+ Qg6 41.
Qxg6+ Kxg6 42. Kf3 Rc4 43. Rb2 Ree4 44. Rfb1 f6 45. Rb3 Kf5 46. R1b2 g5 47. hxg5
fxg5 48. Kg2 g4 49. Kh2 Rc1 50. Kg2 Rec4 51. Kh2 Rf1 52. Kg2 Rcc1 0-1

[Event "Challenge"]
[Site "http://www.queenalice.com/game.php?id=1488175"]
[Date "2017.7.31"]
[Round "-"]
[White "POOPPATROL"]
[Black "pedroingles"]
[Result "0-1"]
[WhiteElo "1712"]
[BlackElo "1785"]

1. d4 Nf6 2. c4 d5 3. Bg5 g6 4. Nc3 Bg7 5. Nf3 Bg4 6. Bxf6 exf6 7. cxd5 O-O 8.
e3 c6 9. dxc6 Nxc6 10. Be2 Rb8 11. O-O Re8 12. a3 a6 13. Ne4 Rxe4 14. Nd2 Bxe2
15. Qxe2 Re8 16. h4 Nxd4 17. Qg4 Ne6 18. Ne4 f5 0-1

[Event "Challenge"]
[Site "http://www.queenalice.com/game.php?id=1503059"]
[Date "2017.11.11"]
[Round "-"]
[White "pedroingles"]
[Black "POOPPATROL"]
[Result "0-1"]
[WhiteElo "1757"]
[BlackElo "1758"]

1. d4 c6 2. c4 e5 3. dxe5 Qa5+ 4. Bd2 Qxe5 5. Nc3 Nf6 6. Nf3 Qc7 7. e4 d6 8. Bd3
Bg4 9. O-O Be7 10. h3 Bh5 11. Be3 O-O 12. Be2 Nbd7 13. Nd4 Bxe2 14. Qxe2 Ne5 15.
Nf5 Qd7 16. Nxe7+ Qxe7 17. Bg5 Qe6 18. Bxf6 Qxf6 19. Rfe1 Rae8 20. Qf1 Qg6 21.
Re3 f5 22. exf5 Qxf5 23. Qe2 Kh8 24. b3 h6 25. Rf1 Rd8 26. Ne4 Ng6 27. Ng3 Qd7
28. Qc2 Nf4 29. Ne2 Rf6 30. Nxf4 Rxf4 31. Rfe1 Rdf8 32. f3 Qf5 33. Qxf5 R4xf5
34. Re8 Kg8 35. R8e7 R5f7 36. Rxf7 Rxf7 37. Re8+ Kh7 38. Re6 Rd7 39. Re2 a6 40.
Kf2 g6 41. Rd2 Kg7 42. g4 Kf6 43. f4 d5 44. Rd4 Ke6 45. cxd5+ Rxd5 46. Ke3 b6
47. b4 c5 48. Re4+ Kd6 49. bxc5+ Rxc5 50. Rd4+ Kc6 51. Ke2 Rc2+ 52. Rd2 Rxd2+
53. Kxd2 Kd5 54. Kd3 b5 55. h4 a5 56. a3 b4 57. axb4 axb4 58. g5 hxg5 59. fxg5
Ke5 60. Ke3 Kf5 61. h5 gxh5 0-1

[Event "AUTO-ADV-3935"]
[Site "http://www.queenalice.com/game.php?id=1503190"]
[Date "2017.11.12"]
[Round "1"]
[White "POOPPATROL"]
[Black "jmsteinfeld"]
[Result "1-0"]
[WhiteElo "1683"]
[BlackElo "1801"]

1. d4 d5 2. c3 Bf5 3. Nf3 e6 4. Bg5 Be7 5. Bxe7 Qxe7 6. e3 Bxb1 7. Rxb1 c6 8.
Bd3 Nd7 9. O-O Ngf6 10. Qb3 b5 11. Rfe1 h6 12. e4 O-O 13. e5 Nh7 14. Qc2 f6 15.
Bxh7+ Kh8 16. Nh4 f5 17. Ng6+ 1-0

[Event "AUTO-ADV-3935"]
[Site "http://www.queenalice.com/game.php?id=1503191"]
[Date "2017.11.12"]
[Round "1"]
[White "jmsteinfeld"]
[Black "POOPPATROL"]
[Result "1/2-1/2"]
[WhiteElo "1877"]
[BlackElo "1814"]

1. e4 c5 2. Bc4 e6 3. d3 Nc6 4. Nf3 d5 5. exd5 exd5 6. Bb3 Be7 7. O-O Nf6 8. h3
O-O 9. Bg5 Be6 10. Bxf6 Bxf6 11. c3 Qd7 12. Nbd2 Rae8 13. d4 cxd4 14. cxd4 Bxd4
15. Nxd4 Nxd4 16. Nf3 Nxb3 17. Qxb3 h6 18. Rfe1 b6 19. Ne5 Qd6 20. Qg3 f6 21.
Ng6 Qxg3 22. fxg3 Rf7 23. Re2 Kh7 24. Nf4 Bd7 25. Rxe8 Bxe8 26. Nxd5 Bc6 27. Ne3
Rd7 28. Rd1 Rxd1+ 29. Nxd1 Kg6 30. Kf2 Bd5 31. a3 f5 32. b4 Kf6 33. Ne3 Be4 34.
g4 fxg4 35. Nxg4+ Ke6 36. Ne3 a6 37. g3 g6 38. h4 h5 39. g4 hxg4 40. Nxg4 Bf5
41. Ne3 Be4 42. Nc4 b5 43. Nd2 Bf5 44. Ke3 Kd5 45. Nb3 Kc4 46. Nc5 Bc8 47. a4
Kxb4 48. Nxa6+ Bxa6 49. axb5 Bxb5 50. Kf4 Bd3 51. Kg5 Kc5 52. h5 gxh5 53. Kxh5
Kd5 1/2-1/2

[Event "AUTO-ADV-3935"]
[Site "http://www.queenalice.com/game.php?id=1503192"]
[Date "2017.11.12"]
[Round "1"]
[White "POOPPATROL"]
[Black "BOSQUES"]
[Result "1-0"]
[WhiteElo "1733"]
[BlackElo "1885"]

1. e4 c5 2. Nc3 a6 3. Nf3 d6 4. d4 cxd4 5. Nxd4 e5 6. Nf3 Nc6 7. a3 Bg4 8. Be2
Nf6 9. O-O Be7 10. Be3 O-O 11. Rb1 Rc8 12. Ne1 Be6 13. f3 d5 14. exd5 Nxd5 15.
Bf2 Nxc3 16. bxc3 Bxa3 17. Rxb7 Bd5 18. Bxa6 Rb8 19. Rxb8 Nxb8 20. Bd3 Nc6 21.
Qe2 Qc8 22. Bxh7+ Kh8 23. Be4 Bxe4 24. Qxe4 Ne7 25. Qxe5 Ng6 26. Qh5+ Kg8 27.
Bd4 Bb2 28. Nd3 Ba3 29. Qg5 Be7 30. Qg3 Bf6 31. Bxf6 gxf6 32. h4 Kh7 33. h5 Ne5
34. Nxe5 fxe5 35. Qxe5 Rg8 36. Kh2 Qc4 37. Qe4+ Qxe4 38. fxe4 Rc8 39. Rxf7+ Kg8
40. Rf3 Kg7 41. g4 Rc4 42. Re3 Kh6 43. Kg3 Kg5 44. Kf3 Rc5 45. Rd3 Kf6 46. Kf4
Rc4 47. g5+ Kg7 48. Kf5 Rc5+ 49. e5 Kf7 50. h6 Rc6 51. Rd7+ Kg8 52. g6 Rc8 53.
Rf7 Kh8 54. e6 Re8 55. e7 Kg8 56. Rg7+ Kh8 57. Kf6 Rc8 58. Kf7 Rg8 59. Rxg8# 1-0

[Event "AUTO-ADV-3935"]
[Site "http://www.queenalice.com/game.php?id=1503193"]
[Date "2017.11.12"]
[Round "1"]
[White "BOSQUES"]
[Black "POOPPATROL"]
[Result "0-1"]
[WhiteElo "1813"]
[BlackElo "1709"]

1. d4 d5 2. c4 c6 3. Nc3 a6 4. a4 Bf5 5. Nf3 Nf6 6. g3 e6 7. Bg2 Be7 8. Ne5 Nbd7
9. cxd5 exd5 10. O-O O-O 11. f4 Ng4 12. h3 Ngxe5 13. fxe5 Be6 14. e4 dxe4 15.
Bxe4 f5 16. exf6 Nxf6 17. Bc2 Bxh3 18. Rf4 Bd6 19. Rh4 Bg4 20. Rxg4 Nxg4 21.
Qxg4 Qf6 22. Be3 Rae8 23. Bf4 Qxd4+ 24. Kh2 Bxf4 25. gxf4 Qd2+ 26. Kh1 Qxc2 27.
Rg1 g6 28. Rg2 Re1+ 29. Kh2 Qc1 30. Kh3 Rh1+ 31. Kg3 Qe1+ 32. Kf3 Rf1+ 0-1

[Event "Challenge"]
[Site "http://www.queenalice.com/game.php?id=1510801"]
[Date "2018.1.6"]
[Round "-"]
[White "Lapoule"]
[Black "POOPPATROL"]
[Result "0-1"]
[WhiteElo "1990"]
[BlackElo "1775"]

1. e4 c5 2. Bc4 e6 3. d3 d5 4. exd5 exd5 5. Bb5+ Bd7 6. Bxd7+ Nxd7 7. d4 Ngf6 8.
Nf3 Be7 9. Nc3 cxd4 10. Nxd4 O-O 11. O-O a6 12. Qf3 Ne5 13. Qg3 Ng6 14. h4 Bd6
15. f4 Nh5 16. Qg4 Qxh4 17. Qxh4 Nxh4 18. Nxd5 Bc5 19. Be3 Rfe8 20. Rae1 Rad8
21. Nf3 Nxf3+ 22. Rxf3 Rxd5 23. Kf1 Rxe3 24. Rfxe3 Bxe3 25. Rxe3 Kf8 26. g3 Rd2
27. Rc3 Rd7 28. Kf2 Nf6 29. Kf3 h6 30. Rc8+ Ke7 31. b3 g6 32. Ke2 Ke6 33. Rc5
Rd5 34. Rc7 b5 35. Rc6+ Rd6 36. Rc8 g5 37. c4 Kd7 38. Rh8 gxf4 39. gxf4 h5 40.
c5 Re6+ 41. Kd3 Nd5 42. Kd4 Nxf4 43. b4 Re2 44. Rh7 Ke7 45. Rh6 Rxa2 46. Ke4 Ne6
47. Kd3 Ra3+ 48. Ke4 Rb3 49. Rxh5 Rxb4+ 50. Kf3 Rc4 51. Re5 Rxc5 52. Re3 f5 53.
Ra3 Rc6 54. Ra2 Kf6 55. Ra1 Ke7 56. Ra3 Kd6 57. Rd3+ Kc7 58. Rd5 f4 59. Rd3 Kb6
60. Rd7 a5 61. Kg4 a4 62. Rd3 Ka5 63. Kf5 f3 64. Kg4 f2 65. Rd1 Rc2 66. Kf3 Nd4+
67. Kg2 Nf5 68. Rd3 Kb4 69. Rh3 a3 0-1

[Event "Challenge"]
[Site "http://www.queenalice.com/game.php?id=1516828"]
[Date "2018.2.21"]
[Round "-"]
[White "Scaracioli"]
[Black "POOPPATROL"]
[Result "0-1"]
[WhiteElo "1729"]
[BlackElo "1801"]

1. e4 c5 2. c3 e5 3. d4 cxd4 4. cxd4 exd4 5. Qxd4 Nc6 6. Qd1 Bb4+ 7. Nc3 Nge7 8.
Bd2 O-O 9. a3 Bxc3 10. Bxc3 d5 11. exd5 Nxd5 12. Bc4 Nxc3 13. bxc3 Re8+ 14. Ne2
Be6 15. Bxe6 Rxe6 16. Qxd8+ Rxd8 17. Rd1 Rde8 18. Rd2 Kf8 19. Kd1 Na5 20. Nd4
Rb6 21. Kc2 Nc4 22. Rd3 Nxa3+ 23. Kd2 Rb2+ 24. Kc1 Rb1+ 25. Kd2 Rxh1 26. Rh3 h6
27. g4 Ra1 28. Nb3 Ra2+ 29. Kd3 Rxf2 30. c4 Rf1 31. Nd2 Rd1 32. Re3 Rd8+ 33. Ke4
Nc2 34. Nb3 Nxe3 35. Kxe3 R1d3+ 36. Ke4 Rxb3 37. h4 Rc3 0-1

[Event "OS INCLIVES"]
[Site "http://www.queenalice.com/game.php?id=1520970"]
[Date "2018.3.24"]
[Round "-"]
[White "adelio"]
[Black "POOPPATROL"]
[Result "0-1"]
[WhiteElo "1345"]
[BlackElo "1823"]

1. d4 d5 2. e4 c6 3. e5 Bf5 4. g4 Bg6 5. h4 f6 6. Nh3 e6 7. Nf4 Bf7 8. Nd2 Qc7
9. Nf3 Nd7 10. Nh5 Bxh5 11. gxh5 Ne7 12. Bd3 O-O-O 13. a4 fxe5 14. a5 h6 15. b4
e4 16. Ne5 Nxe5 17. Be2 Nf3+ 18. Bxf3 exf3 19. Qxf3 Nf5 20. Bf4 Bd6 21. Bxd6
Qxd6 22. c3 Rhf8 23. O-O-O Nxd4 24. Qxf8 Rxf8 25. Rxd4 Rxf2 26. Rhd1 Qh2 27.
R1d2 Rxd2 28. Rxd2 Qxh4 29. Rg2 Qxh5 30. Rxg7 Qh1+ 31. Kb2 h5 32. Re7 Qg2+ 33.
Kb3 h4 34. Rxe6 h3 35. Re8+ Kd7 36. Rf8 h2 37. Rf7+ Ke6 38. Rxb7 h1=Q 39. Rxa7
Qb1+ 40. Ka3 Qga2# 0-1

[Event "OS INCLIVES"]
[Site "http://www.queenalice.com/game.php?id=1520971"]
[Date "2018.3.24"]
[Round "-"]
[White "POOPPATROL"]
[Black "adelio"]
[Result "1-0"]
[WhiteElo "1797"]
[BlackElo "1284"]

1. e4 a6 2. d4 c5 3. Nf3 e6 4. c3 d6 5. dxc5 Be7 6. cxd6 Bxd6 7. e5 Be7 8. Qxd8+
Bxd8 9. Be3 f6 10. exf6 Bxf6 11. Nbd2 b5 12. Ne4 Be7 13. Bd4 Nf6 14. Bxf6 gxf6
15. O-O-O Nc6 16. Nd6+ Kf8 17. Nxc8 Rxc8 18. Kb1 Rd8 19. Be2 h5 20. Nh4 Ne5 21.
f4 Nc4 22. Ng6+ Kf7 23. Nxh8+ Rxh8 24. Bxc4 bxc4 25. Rd7 Ke8 26. Rhd1 Kf7 27.
Ra7 h4 28. Rdd7 Re8 29. Rxa6 f5 30. Rc6 Kf6 31. Rxc4 Rb8 32. Rcc7 Re8 33. Kc2
Bd8 34. Rf7+ Kg6 35. Rg7+ Kh5 36. Rcd7 h3 37. Rg3 Be7 38. Rg7 Bf6 39. Rg3 Re7
40. Rxe7 Bxe7 41. Rxh3+ Kg4 42. Rh6 Kxf4 43. Rxe6 Bd8 44. Kd3 Kg5 45. c4 Bc7 46.
c5 Bxh2 47. c6 Bb8 48. b4 Bc7 49. a4 f4 50. b5 Kf5 51. Re7 Bd6 52. Rd7 Ke6 53.
a5 Ke5 54. b6 Bb4 55. a6 Ba5 56. b7 Bb6 57. b8=Q+ 1-0

[Event "Challenge"]
[Site "http://www.queenalice.com/game.php?id=1524803"]
[Date "2018.4.24"]
[Round "-"]
[White "ymfrancois"]
[Black "POOPPATROL"]
[Result "1-0"]
[WhiteElo "1914"]
[BlackElo "1817"]

1. d4 d5 2. Bg5 c6 3. e3 h6 4. Bf4 Nf6 5. Be2 Bf5 6. Nf3 e6 7. a3 Bd6 8. Ne5
Bxe5 9. dxe5 Ne4 10. O-O g5 11. Bg3 Nxg3 12. fxg3 Nd7 13. Bg4 Bxg4 14. Qxg4 Qb6
15. Qd4 Rf8 16. b4 Qc7 17. Nd2 Qxe5 18. Nb3 f5 19. Qxe5 Nxe5 20. Nc5 Nc4 21.
Rfe1 Rf7 22. Nxe6 Re7 23. Nd4 Nxe3 24. h3 Kf7 25. Kf2 Rae8 26. Re2 Kf6 27. Rae1
h5 28. Rxe3 Rxe3 29. Rxe3 Rxe3 30. Kxe3 a6 31. Nb3 b6 32. Nd4 c5 33. bxc5 bxc5
34. Nb3 1-0

[Event "Challenge"]
[Site "http://www.queenalice.com/game.php?id=1524804"]
[Date "2018.4.24"]
[Round "-"]
[White "POOPPATROL"]
[Black "pedroingles"]
[Result "1-0"]
[WhiteElo "1805"]
[BlackElo "1844"]

1. e4 e5 2. Nc3 Nf6 3. Nf3 d6 4. d4 Be7 5. dxe5 dxe5 6. Qxd8+ Bxd8 7. Nxe5 O-O
8. Bd3 Be6 9. O-O Nbd7 10. Nxd7 Nxd7 11. Be3 Be7 12. f4 Bc5 13. Bxc5 Nxc5 14. f5
Nxd3 15. cxd3 Bd7 16. f6 g6 17. e5 Bc6 18. d4 b5 19. a3 a6 20. Rad1 Bb7 21. Rfe1
c6 22. Ne4 Rad8 23. Nc5 Bc8 24. h3 h5 25. Rd2 a5 26. Rc1 Rd5 27. Ne4 Bb7 28. Nd6
Ba8 29. Kf2 Rd8 30. Ke3 Kf8 31. g3 Rd7 32. b3 Rd8 33. Kf4 Rd7 34. g4 hxg4 35.
hxg4 Rd8 36. Rh1 Kg8 37. Rdh2 1-0

[Event "Challenge"]
[Site "http://www.queenalice.com/game.php?id=1532967"]
[Date "2018.6.28"]
[Round "-"]
[White "Tonto"]
[Black "POOPPATROL"]
[Result "1-0"]
[WhiteElo "1946"]
[BlackElo "1799"]

1. Nc3 c6 2. e4 d5 3. exd5 cxd5 4. d4 Nf6 5. Bf4 a6 6. Be2 Nc6 7. h3 Bd7 8. Nf3
e6 9. a3 Be7 10. Qd2 Qb6 11. b4 O-O 12. O-O Ne8 13. Na4 Qd8 14. Nb2 Nd6 15. c4
Ne4 16. Qe3 Bf6 17. Bd3 Re8 18. Ne5 Be7 19. Nxd7 Qxd7 20. Bxe4 dxe4 21. Qxe4
Qxd4 22. Qxd4 Nxd4 23. Be5 Nc6 24. Bc3 Rad8 25. Rad1 f6 26. b5 axb5 27. cxb5
Rxd1 28. Rxd1 Nd8 29. a4 Bc5 30. Nc4 e5 31. a5 Kf7 32. a6 bxa6 33. bxa6 Nc6 34.
Nd6+ Bxd6 35. Rxd6 Rc8 36. a7 Nd8 37. Rb6 Ra8 38. Rb8 Rxa7 39. Rxd8 g6 40. Kh2
h5 41. Rh8 Ra2 42. f3 Ke6 43. h4 Kf5 44. Rh6 Rc2 45. Ba5 Rc4 46. Kh3 e4 47. g4+
hxg4+ 48. fxg4+ Kf4 49. Rxg6 f5 50. g5 e3 51. h5 e2 52. h6 Re4 53. h7 1-0